Statystyki dla Najczęściej tłumaczeni autorzy w historii

Kliknij tutaj aby rozwiązać quiz!

Ogólne statystyki

  • Ten quiz został rozwiązany 20 razy
  • Średni wynik to 5 z 25

Statystyki odpowiedzi

Łączna liczba tłumaczeń:Oryginalny język:Autor:% Poprawnych
2342rosyjskiFiodor Dostojewski
76%
2178rosyjskiLew Tołstoj
71%
3520duńskiHans Christian Andersen
53%
4296angielskiWilliam Shakespeare
53%
2271szwedzkiAstrid Lindgren
35%
2112angielskiCharles Dickens
35%
3357angielskiStephen King
35%
2540francuskiAlexandre Dumas
29%
2977niemieckiJacob Grimm
29%
2951niemieckiWilhelm Grimm
29%
7236angielskiAgatha Christie
24%
2431angielskiMark Twain
24%
3593rosyjskiWłodzimierz Lenin
18%
2496angielskiArthur Conan Doyle
12%
2258-Jan Paweł II
6%
2234francuskiRené Goscinny
6%
3652angielskiBarbara Cartland
0%
3628angielskiDanielle Steel
0%
3924angielskiEnid Blyton
0%
2315francuskiGeorges Simenon
0%
2159angielskiIsaac Asimov
0%
2182angielskiJack London
0%
4751francuskiJules Verne
0%
2597angielskiNora Roberts
0%
2222angielskiR.L. Stine
0%

Rozkład punktacji

Percentyl według liczby udzielonych odpowiedzi

Procent ludzi z każdym wynikiem

Twoja historia wyników

Nie rozwiązałeś tego quizu